000 00616nam a2200253Ia 4500
005 20260121154101.0
008 008 260114s9999 xx 000 0 eng d
020 _a9780429355141
037 _aEBOOK
040 _aCRL
040 _beng
040 _cCRL
041 _2eng
041 _aeng
084 _qCRL
100 _a Katrien Steenmans; Feja Lesniewska
_91002815
245 0 _aCircular Economy and the Law
260 _bTaylor and Francis
260 _c2023
856 _uhttp://www.taylorfrancis.com/books/9780429355141
942 _cEBOOK
999 _c1569636
_d1569636